01343nam a2200277 a 4500001001000000003000900010005001700019008004100036040002500077082002100102100003800123245015700161260005700318300003100375504002800406590002700434650004300461650005100504651006900555910003700624942001400661952013300675952011800808952012400926999001501050000004323DO-SdBNP20240527202356.0090721s1989 dr d 000 0 spa d aDO-SdBNPbspacBNPHU a330.97293bL789c1 aLizardo Espinal, Magdalena91275110aCambios en la economía mundial y sus repercusiones sobre el sector externo dominicano :bestudios económico - sociales /cMagdalena Lizardo Espinal. aSanto Domingo :bFundación Friedrich Ebert,c1989. a106 p. :bdiagr. ;c24 cm. aBibliografia: p. 95-103 aInventariado, 2018/ YL 4aEconomíaxHistoria912752y1971-1990 0a Relaciones económicas internacionales91067 4aRepública DominicanaxCondiciones económicasxHistoria91210 aValidado. Control de calidad MFF 2ddccLBS1 001052708DSaGRbGRcHDd2009-07-21iLF1l0o330.97293 L789cp4323-30r2020-06-25te. 3w2020-06-25yLFDSZPréstamo interno 0010718PDaPDbPDcHDd2009-07-21iLF1l0o330.97293 L789cp4323-10r2020-06-25w2020-06-25yLFPDZNo se presta 0010718PDaPDbPDcHDd2009-07-21iLF1l0o330.97293 L789cp4323-20r2020-06-25te. 2w2020-06-25yLFPDZNo se presta c4132d4132